000 00308nam a22001337a 4500
008 170206b xxu||||| |||| 00| 0 eng d
020 _a9780761975595
041 _aeng
080 _a61
100 _a3
101 _aSHM
245 _aIMPROVING TEST PERFOMANCE DISABILITIES
_cJUDY.L.ELLIOTT
942 _2udc
_cBK
999 _c4694
_d4694